Evidence / (Record no. 5312)

MARC details
000 -LEADER
fixed length control field 00614nam a22002057a 4500
008 - FIXED-LENGTH DATA ELEMENTS--GENERAL INFORMATION
fixed length control field 130309t xxu||||| |||| 00| 0 eng d
020 ## - INTERNATIONAL STANDARD BOOK NUMBER
International Standard Book Number 9-7801-0762-4078
082 ## - DEWEY DECIMAL CLASSIFICATION NUMBER
Edition number 22 ed.
Classification number 347.06
Item number GRI
100 ## - MAIN ENTRY--PERSONAL NAME
Personal name Griffith, James
9 (RLIN) 7024
245 ## - TITLE STATEMENT
Title Evidence /
Statement of responsibility, etc Griffith James ,…[et al] ,
260 ## - PUBLICATION, DISTRIBUTION, ETC. (IMPRINT)
Place of publication, distribution, etc USA :
Name of publisher, distributor, etc Oxford University press
Date of publication, distribution, etc 2010
300 ## - PHYSICAL DESCRIPTION
Extent xxxiv, 808 P. ;
Dimensions 28 cm.
500 ## - GENERAL NOTE
General note Includes Index
650 ## - SUBJECT ADDED ENTRY--TOPICAL TERM
Topical term or geographic name as entry element Evidence
9 (RLIN) 1819
700 ## - ADDED ENTRY--PERSONAL NAME
Personal name Mckeown, Paul
9 (RLIN) 7025
700 ## - ADDED ENTRY--PERSONAL NAME
Personal name McPeake, Robert
9 (RLIN) 7026
700 ## - ADDED ENTRY--PERSONAL NAME
Personal name James, Griffith.
700 ## - ADDED ENTRY--PERSONAL NAME
Personal name Edited by James, Griffith.
942 ## - ADDED ENTRY ELEMENTS (KOHA)
Source of classification or shelving scheme Dewey Decimal Classification
Item type Books
Holdings
Withdrawn status Lost status Source of classification or shelving scheme Damaged status Not for loan Home library Current library Shelving location Date acquired Total Checkouts Full call number Barcode Date last seen Copy number Price effective from Koha item type Public note
    Dewey Decimal Classification     Law Development Centre Main Library Law Development Centre Main Library Text Books and Laws 03/09/2013   347.06 GRI 4347/2013 03/09/2013 1 03/09/2013 Books Reserve
    Dewey Decimal Classification     Law Development Centre Main Library Law Development Centre Main Library Text Books and Laws 03/09/2013   347.06 GRI 4348/2013 03/09/2013 2 03/09/2013 Books Reserve
    Dewey Decimal Classification     Law Development Centre Main Library Law Development Centre Main Library Text Books and Laws 03/09/2013   347.06 GRI 4349/2013 03/09/2013 3 03/09/2013 Books Reserve
    Dewey Decimal Classification     Law Development Centre Main Library Law Development Centre Main Library Text Books and Laws 03/09/2013   347.06 GRI 4350/2013 03/09/2013 4 03/09/2013 Books Reserve
    Dewey Decimal Classification     Law Development Centre Main Library Law Development Centre Main Library Text Books and Laws 03/09/2013   347.06 GRI 4351/2013 03/09/2013 5 03/09/2013 Books Reserve
    Dewey Decimal Classification     Law Development Centre Main Library Law Development Centre Main Library Text Books and Laws 03/09/2013   347.06 GRI 4352/2013 03/09/2013 6 03/09/2013 Books Reserve
    Dewey Decimal Classification     Law Development Centre Main Library Law Development Centre Main Library Text Books and Laws 03/09/2013   347.06 GRI 4353/2013 03/09/2013 7 03/09/2013 Books Reserve